000
00326 a2200157 4500
001
179660
020
_a
040
_c
Magnum
100
_a
Brandao, Maria do Carmo
240
1
0
_a
O pintinho chorao
_l
por
245
1
0
_a
O pintinho chorao
362
0
_a
1899
440
1
_a
RHJ
697
_a
MAGNITO: IJ/ANIMAIS
942
_c
BK
999
_c
179660
_d
179660